| 000 | 00726cam a2200205 i 4500 | ||
|---|---|---|---|
| 001 | 18605337 | ||
| 005 | 20250523125122.0 | ||
| 008 | 150506s2015 enka b 001 0 eng | ||
| 020 | _a9781472462831 (hardback : alk. paper) | ||
| 020 | _z9781472462848 (ebook) | ||
| 020 | _z9781472462855 (epub) | ||
| 050 | 0 | 0 |
_aHC59.7 _b.A8218 2015 |
| 082 | 0 | 0 |
_a338.9109172/4 _223 |
| 100 | 1 | _aAppiah-Adu, Kwaku. | |
| 245 | 1 | 0 |
_aKey determinants of national development : _bhistorical perspectives and implications for developing economies / _cedited by Kwaku Appiah-Adu and Mahamudu Bawumia. |
| 300 |
_axxiv, 391 pages : _billustrations ; _c25 cm |
||
| 650 | 0 | _aEconomic development. | |
| 700 | 1 | _aBawumia, Mahamudu. | |
| 942 |
_2lcc _cBK _n0 |
||
| 999 |
_c5934 _d5934 |
||